[Event "BAN-chT Golden Jubilee 2021-22"]
[Site "Dhaka"]
[Date "2022.03.12"]
[Round "3.12"]
[White "Subrota, Biswas"]
[Black "Chatterjee, Debaraj"]
[Result "1-0"]
[WhiteElo "2202"]
[BlackElo "2196"]
[Annotator "TA"]
[PlyCount "137"]
[EventDate "2022.03.10"]
[EventType "team-tourn"]
[EventCountry "BAN"]
[SourceTitle "playchess.com"]
[Source "ChessBase"]
[SourceQuality "1"]

{[%evp 16,137,26,9,0,0,0,0,15,16,16,0,19,7,6,12,33,16,26,0,33,17,39,35,35,39,38,31,31,30,46,22,51,9,52,52,60,60,60,60,60,60,60,60,60,60,60,60,60,16,41,6,8,8,8,8,8,6,6,6,6,6,8,6,8,0,8,0,8,0,75,17,98,84,165,157,150,109,109,109,113,122,551,8,8,8,8,8,8,8,8,8,8,8,8,10,15,18,18,23,23,23,23,23,23,23,23,23,33,33,29981,29982,29982,29983,29989,29987,29990,29991,29991,29992,29992,29993,29993,190]} 1. e4 c5 2. Nf3 d6 3. d4 cxd4 4. Nxd4 Nf6 5. Nc3 a6 6. Bg5 e6 7. f4 h6 8. Bh4 Qb6 9. a3 Be7 {[%cal Of6e4] B96: Sicilian Najdorf: 6 Bg5 e6 7 f4, lines other than 7...Qb6 and 7...Be7.} (9... Qxb2 $2 10. Na4 Qxa1 11. Qxa1 $18) 10. Bf2 {[%cal Od4e6] Black must now prevent Nxe6!} Qc7 (10... Qxb2 $2 11. Na4 Qxa1 12. Qxa1 $18) 11. Qf3 b5 {The position is equal.} 12. g4 (12. O-O-O Bb7 13. g4 d5 14. e5 Ne4 15. Nxe4 dxe4 16. Qe3 Nc6 17. Nxc6 Qxc6 18. Bg2 Rc8 19. Qb3 Qc7 20. c3 {½-½ (20) Subrota,B (2199)-Chatterjee,D (2204) Dhaka 2022}) 12... Nbd7 13. O-O-O {With the idea h4.} Bb7 14. h4 $1 {[%mdl 4] is more profitable than 14.Bg2 at the moment.} Nc5 {[%cal Rc5e4]} 15. Bd3 d5 {[%cal Rd5e4]} 16. e5 Nfe4 17. Bxe4 Nxe4 (17... dxe4 {looks sharper.} 18. Qe3 h5 19. f5 hxg4 20. Bg3 Qb6) 18. Rh3 (18. Be1 {is interesting.} Bc5 19. Rh3 Bb6 20. Qg2 O-O 21. g5) 18... Nxc3 19. Qxc3 Qxc3 20. Rxc3 Rc8 {Inhibits Rc7.} 21. Rxc8+ Bxc8 {[#]} 22. Rd3 $146 ({Predecessor:} 22. Nc6 h5 23. gxh5 f6 24. Rg1 Bf8 25. Bd4 Kf7 26. Nd8+ Ke7 27. Rg6 f5 28. Nc6+ Kd7 29. Na5 Rxh5 30. Bf2 Ke8 {½-½ (30) Mcdermott,F (2331)-Asquith,J (2400) ICCF email 2021}) 22... Kd7 23. Be1 Bb7 24. Rh3 (24. h5 $14) 24... Bc5 (24... h5 $11 {feels stronger.}) 25. Nb3 $14 Bb6 26. Ba5 Ba7 27. Bc3 h5 28. g5 g6 29. Bd4 Bxd4 30. Nxd4 {[%mdl 4096] Endgame KRB-KRN} Rc8 31. Kd2 Kc7 32. Rh1 (32. Rc3+ $14 Kb6 33. Rxc8 Bxc8 34. Kc3) 32... Kb6 $11 33. Ra1 Rc4 34. c3 Bc8 35. b3 Rc7 36. a4 bxa4 37. Rxa4 Bd7 38. Ra1 Rc5 39. Kc2 Rc7 40. Kb2 Rc5 41. Nc2 Rc8 42. Ne3 Rc5 (42... Bb5 $11) 43. Rd1 {White is more active.} (43. c4 $1 $16) 43... Kb7 (43... Bb5 $11 {keeps the balance.}) 44. c4 $16 {[%cal Rc4d5]} Rc6 (44... a5 $16 {is a better defense.}) 45. cxd5 $18 exd5 {[#]} 46. Rxd5 (46. Nxd5 Be6 $16) (46. Nc4 $142 $1 {[%mdl 512]}) 46... Be6 $16 47. Rd4 Rc5 48. Nc4 Rd5 $2 {[%mdl 8192]} (48... a5 $16 49. Kc3 Rc7) 49. Nd6+ $2 (49. Rxd5 $1 $18 Bxd5 50. Kc3) 49... Kc6 $11 50. Rxd5 Kxd5 {KB-KN} 51. Kc3 a5 52. Nc4 Ke4 53. Nxa5 Kxf4 54. b4 {aiming for Nc4.} Bd7 55. Nc4 Kg4 56. Nd6 {And now b5 would win.} Kxh4 57. b5 {Strongly threatening b6.} Bxb5 58. Nxb5 {Hoping for Nd6.} Kxg5 {KN-K3P} 59. Nd6 h4 60. Nxf7+ {KN-KPP} Kf5 61. Kd4 {White threatens Nd6+ and mate.} h3 {( -> ...h2)} 62. Nd6+ Kf4 $2 {[%mdl 8192] [#]} (62... Ke6 63. Ne4 h2 64. Ng3 g5 65. Ke4 Ke7 66. Kf5 Ke8 67. e6) (62... Kg4 $14) 63. Ne4 $1 {White mates.} ({Not} 63. e6 h2 64. e7 h1=Q $14) 63... h2 64. Nf2 Kf3 65. Nh1 Kg2 {[#]} 66. Ke3 $1 g5 {[#]} (66... Kxh1 67. Kf2) 67. e6 $1 {[%cal Be5e6,Be6e7][%mdl 32]} g4 {[#]} 68. e7 $1 Kxh1 69. Kf2 {Weighted Error Value: White=0.23 (precise) /Black=0.28 (precise)} ({Stronger than} 69. e8=Q Kg1 70. Qe4 (70. Qf7 g3 $11) 70... h1=Q 71. Qxh1+ Kxh1 $11) 1-0

[Event "BAN-chT Golden Jubilee 2021-22"]
[Site "Dhaka"]
[Date "2022.03.12"]
[Round "3.13"]
[White "Mollah Abdullah, Al Rakib"]
[Black "abzid, Rahman"]
[Result "1-0"]
[WhiteElo "2426"]
[BlackElo "2106"]
[Annotator "TA"]
[PlyCount "63"]
[EventDate "2022.03.10"]
[EventType "team-tourn"]
[EventCountry "BAN"]
[SourceTitle "playchess.com"]
[Source "ChessBase"]
[SourceQuality "1"]

{[%evp 15,63,12,15,16,26,23,40,33,40,35,52,36,53,53,53,52,112,113,112,101,94,88,102,98,97,83,104,102,174,179,174,163,255,206,283,211,207,202,207,204,291,293,328,285,540,556,933,929,1390,1362]} 1. d4 d5 2. c4 e6 3. Nf3 Be7 4. Nc3 Nf6 5. cxd5 exd5 6. Bg5 O-O 7. e3 c6 {7...Nbd7 is not played anymore.} 8. Qc2 h6 9. Bf4 {D36: Queen's Gambit Declined: Exchange Variation: Main line (5 Bg5 c6 6 Qc2).} a5 10. h3 Na6 {[%cal Bb8a6,Ba6c7,Bc7e6][%mdl 32]} 11. a3 {White is slightly better.} Nc7 12. Bd3 Ne6 {[#]} 13. Be5 $146 ({Predecessor:} 13. Bh2 Bd6 14. Ne5 Re8 15. O-O Ng5 16. f4 Nge4 17. Rad1 Bf5 18. Ne2 Qc8 19. g4 {1-0 (45) Correa,A (2390)-Gandolfi,J Sao Paulo 1992}) 13... b5 14. O-O Bb7 15. Bf5 Bd6 ({Better is} 15... Ng5 $14) 16. Bxe6 $16 fxe6 17. Qg6 Be7 18. Ne2 {[%cal Bc3e2,Be2f4,Bf4d3][%mdl 32] White is much more active.} Qe8 19. Qg3 $40 {[%mdl 128] White attacks with force.} Kh7 20. Nf4 Qf7 {[#]} 21. h4 $1 {[%cal Of3g5] Inhibits g5.} g6 (21... Ne4 $16 22. Qg4 Rae8) 22. Bxf6 $18 Bxf6 23. Nd3 b4 (23... Bd8 $142 24. Nc5 Bf6) 24. Rfc1 Be7 25. Qc7 bxa3 26. bxa3 ({Much less strong is} 26. Qxb7 $6 Rab8 27. Qd7 (27. Qxc6 axb2 28. Nxb2 Rxb2 $16) 27... axb2) 26... Bf6 27. Qg3 Rac8 (27... Bd8 $142 28. Rab1 Ra7) 28. Rab1 Ba6 29. Nc5 Ra8 $2 {[#]} (29... Qa7 {is a better defense.} 30. Qg4 Rfe8) 30. Rb6 {[%csl LRa6,LRc6] White is clearly winning.} Be2 31. Rb7 Be7 32. Ne5 {[%csl LRc6,LRf7] Weighted Error Value: White=0.05 (flawless) /Black=0.40} 1-0

[Event "BAN-chT Golden Jubilee 2021-22"]
[Site "Dhaka"]
[Date "2022.03.12"]
[Round "3.14"]
[White "Aronyak Ghosh"]
[Black "Rahman, Ziaur"]
[Result "0-1"]
[WhiteElo "2482"]
[BlackElo "2417"]
[Annotator "TA"]
[PlyCount "103"]
[EventDate "2022.03.10"]
[EventType "team-tourn"]
[EventCountry "BAN"]
[SourceTitle "playchess.com"]
[Source "ChessBase"]
[SourceQuality "1"]

{[%evp 9,103,-11,-5,-7,-4,0,0,-12,-6,-19,-10,-9,-10,-15,-5,-21,0,0,0,-7,29,14,71,58,73,73,64,58,93,52,121,115,156,124,177,172,172,164,238,212,338,352,318,252,634,611,730,721,676,676,602,580,544,547,569,551,558,551,842,827,893,882,870,792,862,847,824,798,773,705,6929,2719,10490,2163,2163,807,785,553,777,778,12833,12833,12833,12832,12831,12831,29989,12834,12839,12837,12837,12836,12836,12836,29990,29991]} 1. d4 d5 2. Bf4 Nf6 3. e3 c5 4. Nc3 cxd4 5. exd4 a6 6. Nf3 {B13: Caro-Kann: Exchange Variation and Panov-Botvinnik Attack.} Nc6 7. Ne5 Bd7 8. g4 {[%cal Bg2g4,Bg4g5][%mdl 32] The position is equal. 8.g3 is the modern continuation.} e6 9. g5 Nxe5 10. Bxe5 Ng8 {[#]} 11. h4 $146 {[%cal Bh2h4,Bh4h5,Bh5h6][%mdl 32]} ({Predecessor:} 11. Qh5 Ne7 12. Bd3 Nc6 13. g6 Nxe5 14. dxe5 Qe7 15. O-O-O O-O-O 16. gxf7 g6 17. Bxg6 {1-0 (70) Artemiev,V (2704)-Ding,L (2799) chess24.com INT 2021}) 11... Ne7 12. Qe2 Qa5 13. O-O-O Nc6 14. Rh3 O-O-O 15. Bf4 Be8 (15... h6 $11) 16. h5 Bd6 17. Bxd6 Rxd6 18. h6 Qd8 {White leaves nothing to chance now.} 19. Qd2 ({But not} 19. hxg7 $6 Qxg5+ 20. Qd2 Qxg7 $11) (19. f4 $16) 19... g6 {[#]} (19... Rg8 $1 $14) 20. Na4 $1 $16 f6 ({Black should try} 20... Nb8) 21. f4 fxg5 (21... Qa5 $16) 22. fxg5 $18 Rf8 23. Nc5 Qa5 (23... Bd7 {was called for.} 24. Rb3 Na5) 24. Rc3 {[%cal Oc5e6] aiming for Nxe6!} Kb8 (24... Qxa2 $2 25. Ra3 Qxa3 26. bxa3 $18) (24... Qc7 {was worth a try.} 25. Kb1 Rf7) 25. Qh2 {[%csl LRd6,LRe6]} Qc7 26. Bxa6 Nb4 $2 {[#]} (26... b6) 27. Rb3 $1 Rxa6 (27... Rb6 28. Qxc7+) 28. Qxc7+ Kxc7 29. Rxb4 Rb6 30. Rxb6 Kxb6 {[%mdl 4096] Endgame KRB-KRN} 31. Re1 Bc6 32. a4 Rf5 33. Rxe6 Ka5 34. b3 {[%cal Bb2b3,Bb3b4][%mdl 32]} Rxg5 35. c3 {Black must now prevent b4+.} Rh5 36. b4+ Kb6 37. b5 Rxh6 38. bxc6 bxc6 {KRN-KR} 39. Kb2 Rh1 40. Re7 {Rb7+ is the strong threat.} h5 41. Rb7+ (41. c4 $142 Rh3 42. Rb7+ Ka5 43. cxd5 Rh2+ 44. Kc3 Rh3+ 45. Kc4 Rh2 46. dxc6) 41... Ka5 42. Ra7+ Kb6 43. Ra6+ Kc7 44. a5 h4 45. Ra7+ Kb8 46. Rb7+ Ka8 47. Rg7 {Intending Na4 and mate.} h3 48. Rxg6 (48. Na4 $142 Rh2+ 49. Ka3 Rh1 50. Nb6+ Kb8 51. Kb4 Rc1 52. a6 Rb1+ 53. Kc5) 48... h2 49. Rg8+ Ka7 50. Rg7+ Ka8 51. Rh7 {Na4 would kill now.} Kb8 52. a6 {[%mdl 32768] Weighted Error Value: White=0.08 (flawless) /Black=0.42. Loss on time!?} ({Inferior is} 52. Kc2 Ra1 $11) 0-1

[Event "BAN-chT Golden Jubilee 2021-22"]
[Site "Dhaka"]
[Date "2022.03.12"]
[Round "3.14"]
[White "Srijit Paul"]
[Black "Erigaisi Arjun"]
[Result "*"]
[WhiteElo "2419"]
[BlackElo "2633"]
[Annotator "TA"]
[PlyCount "33"]
[EventDate "2022.03.10"]
[EventType "team-tourn"]
[EventCountry "BAN"]
[SourceTitle "playchess.com"]
[Source "ChessBase"]
[SourceQuality "1"]

{[%evp 9,19,0,0,-1,-1,0,6,-29,-19,-25,-25,-25]} 1. d4 d5 2. Bf4 Nf6 3. e3 c5 4. Nc3 cxd4 5. exd4 a6 6. Nf3 {B13: Caro-Kann: Exchange Variation and Panov-Botvinnik Attack.} Nc6 7. Ne5 Bd7 8. g4 {8.g3 is becoming the main line.} e6 9. g5 Nxe5 10. Bxe5 {[#] Not much happened in this game.  Weighted Error Value: White=0.08 (flawless) /Black=0.00 (flawless)} {Predecessor:} Ng8 $146 11. Qh5 Ne7 12. Bd3 Nc6 13. g6 Nxe5 14. dxe5 Qe7 15. O-O-O O-O-O 16. gxf7 g6 17. Bxg6 {1-0 (70) Artemiev,V (2704)-Ding,L (2799) chess24.com INT 2021} *

[Event "BAN-chT Golden Jubilee 2021-22"]
[Site "Dhaka"]
[Date "2022.03.12"]
[Round "3.15"]
[White "Gukesh D"]
[Black "Parveen, Tanima"]
[Result "1-0"]
[WhiteElo "2614"]
[BlackElo "1971"]
[Annotator "TA"]
[PlyCount "73"]
[EventDate "2022.03.10"]
[EventType "team-tourn"]
[EventCountry "BAN"]
[SourceTitle "playchess.com"]
[Source "ChessBase"]
[SourceQuality "1"]

{[%evp 19,73,41,27,34,49,46,64,44,67,52,39,26,31,32,32,15,37,29,75,59,81,70,73,44,70,64,69,69,111,82,73,85,84,54,105,96,93,10,12,12,12,10,41,-75,716,722,715,703,906,881,2413,1850,29995,29996,29996,29997]} 1. c4 e5 2. g3 Nf6 3. Bg2 d5 4. cxd5 Nxd5 5. Nf3 Nc6 6. O-O {[%cal Bh1f1,Bf1d1,Bd1d4][%mdl 32]} Be7 7. d4 exd4 8. Nxd4 Nxd4 9. Qxd4 Nf6 10. Qa4+ c6 11. Rd1 $1 {11.Rd1 scores better than 11.Nc3. A20: English Opening: 1...e5.} Qb6 12. Be3 Bc5 13. Bxc5 {White is slightly better.} Qxc5 14. Nc3 (14. b4 $5 {[%cal Rb4c5]} Qb6 15. Nc3 $14) 14... O-O 15. Rd4 Be6 16. Rad1 a5 {[#] Hoping for ...b5.} 17. R1d2 {[#]} Qe5 $146 ({Predecessor:} 17... b5 18. Qd1 Rac8 19. Ne4 Nxe4 20. Bxe4 b4 21. e3 g6 22. b3 Qe7 23. Bb1 c5 {½-½ (32) Thiede,L (2442)-Dinstuhl,V (2420) Germany 2005}) 18. Qd1 g6 (18... Rac8 $11) 19. h3 Kg7 20. R2d3 Rac8 21. f4 Qb8 22. e4 {[%cal Be2e4,Be4e5][%mdl 32]} b5 23. e5 Ng8 (23... Nd5 $14) 24. Ne4 c5 25. Rd6 {[%cal Od6e6] [#] Black must now prevent Rxe6!} c4 26. R3d4 {White is more active.} h6 {To avoid Ng5} ({Black should play} 26... b4 $1 $14) 27. g4 {[%cal Of4f5]} b4 28. f5 (28. Qe1 $16) 28... gxf5 $11 29. gxf5 Bxf5 30. Ng3 $36 {[%cal Be4g3,Bg3f5,Bf5h4][%mdl 2080] White fights for an advantage.} Bg6 {And now ...c3 would win.} 31. Be4 (31. e6 $14 {stays ahead.} Nf6 32. e7) 31... Ne7 $2 {[%mdl 8192] This costs Black the game.} (31... Kh8 $17 32. Bf5 (32. Bxg6 fxg6 33. Ne2 Qa7 $17) 32... Rc7) 32. Qf3 $18 {White threatens Qf6+ and mate.} Ng8 {Prevents Qf6+.} 33. Nf5+ Kh7 34. Nh4 {[%cal Re4g6]} Ne7 35. Qf6 {[%csl LRe7,LRg6][%cal Rh4g6]} Ng8 36. Bxg6+ fxg6 37. Rd7+ {Weighted Error Value: White=0.25 (precise) /Black=0.48} 1-0

[Event "BAN-chT Golden Jubilee 2021-22"]
[Site "Dhaka"]
[Date "2022.03.12"]
[Round "3.16"]
[White "Aronyak Ghosh"]
[Black "Rahman, Ziaur"]
[Result "*"]
[WhiteElo "2482"]
[BlackElo "2417"]
[Annotator "TA"]
[PlyCount "39"]
[EventDate "2022.03.10"]
[EventType "team-tourn"]
[EventCountry "BAN"]
[SourceTitle "playchess.com"]
[Source "ChessBase"]
[SourceQuality "1"]

{[%evp 22,26,-39,-44,-44,-39,-55]} 1. e4 c5 2. Nf3 Nc6 3. d4 cxd4 4. Nxd4 Nf6 5. Nc3 d6 6. Bc4 e6 7. Be3 Be7 8. Qe2 O-O 9. O-O-O a6 10. g4 Nxd4 11. Bxd4 b5 {[%cal Bb7b5,Bb5b4][%mdl 32]} 12. Bb3 b4 $1 {B89: Sicilian: Velimirovic Attack.} 13. Na4 Bd7 {[#]} {Predecessor:} 14. g5 $146 Bb5 15. Qe3 Nd7 16. h4 Rb8 17. c4 Rc8 18. Kb1 Bxc4 19. Nb6 Nxb6 20. Bxb6 {½-½ (63) Ozates,T (2217)-Shevchenko,K (2605) Chess.com INT 2021} *

[Event "BAN-chT Golden Jubilee 2021-22"]
[Site "Dhaka"]
[Date "2022.03.12"]
[Round "3.16"]
[White "Srijit Paul"]
[Black "Erigaisi Arjun"]
[Result "0-1"]
[WhiteElo "2419"]
[BlackElo "2633"]
[Annotator "TA"]
[PlyCount "44"]
[EventDate "2022.03.10"]
[EventType "team-tourn"]
[EventCountry "BAN"]
[SourceTitle "playchess.com"]
[Source "ChessBase"]
[SourceQuality "1"]

{[%evp 22,44,-28,-42,-26,-46,-48,-77,-92,-112,-114,-129,-114,-442,-425,-447,-446,-435,-442,-434,-436,-477,-473,-688,-629]} 1. e4 c5 2. Nf3 Nc6 3. d4 cxd4 4. Nxd4 Nf6 5. Nc3 d6 6. Bc4 e6 7. Be3 Be7 8. Qe2 O-O 9. O-O-O a6 10. g4 Nxd4 11. Bxd4 b5 {[%cal Bb7b5,Bb5b4][%mdl 32]} 12. Bb3 b4 $1 {B89: Sicilian: Velimirovic Attack.} 13. Na4 Bd7 {[#]} 14. e5 $146 {[#]} ({Predecessor:} 14. g5 Bb5 15. Qe3 Nd7 16. h4 Rb8 17. c4 Rc8 18. Kb1 Bxc4 19. Nb6 Nxb6 20. Bxb6 {½-½ (63) Ozates,T (2217)-Shevchenko,K (2605) Chess.com INT 2021}) 14... Bb5 $1 {Black is better.} 15. Qe1 (15. Qe3 Nxg4) 15... dxe5 ({Resist} 15... Nxg4 16. Rg1 $16) 16. Bc5 Qc7 17. Qxb4 {[%mdl 8192]} (17. Bxb4 $17 Bxa4 18. Bxa4) 17... Bxa4 $19 {Black is clearly winning.} 18. Bxe7 {Bd6 is the strong threat.} Bxb3 19. axb3 {Threatens to win with Bd6.} Rfc8 {[%csl Gc8][%cal Rc7c2]} 20. c3 Nd5 21. Rxd5 exd5 22. Bd6 {[#]} (22. Rd1 $142 d4 23. Bd6) 22... a5 $1 {[%mdl 512] White got outplayed after the opening.  Weighted Error Value: White=0.89/Black=0.00 (flawless)} 0-1

[Event "BAN-chT Golden Jubilee 2021-22"]
[Site "Dhaka"]
[Date "2022.03.12"]
[Round "3.17"]
[White "Hossain, Showkat Pollab"]
[Black "Rahman, Syed Mahfuzur"]
[Result "0-1"]
[WhiteElo "2037"]
[BlackElo "2099"]
[Annotator "RC"]
[PlyCount "56"]
[EventDate "2022.03.10"]
[EventType "team-tourn"]
[EventCountry "BAN"]
[SourceTitle "playchess.com"]
[Source "ChessBase"]
[SourceQuality "1"]
[TimeControl "40/5400+30:1800+30"]

1. e4 {[%emt 0:00:03]} d6 {[%emt 0:06:05]} 2. d4 {[%emt 0:00:05]} Nf6 {[%emt 0:00:04]} 3. Nc3 {[%emt 0:00:28]} g6 {[%emt 0:00:03]} 4. h3 {[%emt 0:00:09]} Bg7 {[%emt 0:00:03]} 5. Nf3 {[%emt 0:00:06]} O-O {[%emt 0:00:02]} 6. Be2 {[%emt 0:00:05]} c5 {[%emt 0:00:37]} 7. Be3 {[%emt 0:05:11]} cxd4 {[%emt 0:03:22]} 8. Nxd4 {[%emt 0:04:53]} Nc6 {[%emt 0:00:14]} 9. O-O {[%emt 0:07:57]} Bd7 {[%emt 0:01:08]} 10. Nb3 {[%emt 0:07:10]} a6 {[%emt 0:04:33]} 11. a4 {[%emt 0:02:23]} Rc8 {[%emt 0:04:14]} 12. Nd2 {[%emt 0:13:53]} Be6 {[%emt 0:07:35]} 13. Nf3 {[%emt 0:08:40]} d5 {[%emt 0:24:04]} 14. exd5 {[%emt 0:03:53]} Nxd5 {[%emt 0:00:54]} 15. Nxd5 {[%emt 0:00:27]} Bxd5 {[%emt 0:00:10]} 16. c3 {[%emt 0:04:47]} e5 {[%emt 0:06:56]} 17. c4 {[%emt 0:05:53]} Be6 {[%emt 0:02:54]} 18. Ng5 {[%emt 0:03:49]} Bf5 {[%emt 0:06:11]} 19. Qxd8 {[%emt 0:05:58]} Rfxd8 {[%emt 0:01:03]} 20. Bf3 {[%emt 0:05:48]} h6 {[%emt 0:08:19]} 21. Ne4 {[%emt 0:01:52]} Nd4 {[%emt 0:00:39]} 22. Bxd4 {[%emt 0:01:36]} Rxd4 {[%emt 0:00:47]} 23. Nc3 {[%emt 0:01:35]} e4 {[%emt 0:02:29]} 24. g4 {[%emt 0:05:18]} exf3 {[%emt 0:02:21]} 25. gxf5 {[%emt 0:00:01]} Rc6 {[%emt 0:18:13]} 26. c5 Rxc5 {[%emt 0:00:00]} 27. fxg6 {[%emt 0:01:35]} Rcc4 {[%emt 0:00:00]} 28. gxf7+ {[%emt 0:00:00]} Kxf7 {[%emt 0:00:00]} 0-1

[Event "BAN-chT Golden Jubilee 2021-22"]
[Site "Dhaka"]
[Date "2022.03.12"]
[Round "3.18"]
[White "Panesar Vedant"]
[Black "Ghosh, Diptayan"]
[Result "1/2-1/2"]
[WhiteElo "2379"]
[BlackElo "2541"]
[Annotator "TA"]
[PlyCount "60"]
[EventDate "2022.03.10"]
[EventType "team-tourn"]
[EventCountry "BAN"]
[SourceTitle "playchess.com"]
[Source "ChessBase"]
[SourceQuality "1"]

{[%evp 21,60,-30,-8,-27,-22,-22,-20,-16,-16,-7,-4,-14,0,0,41,0,0,0,0,-8,63,55,121,20,8,18,21,13,33,0,0,0,0,0,0,0,0,0,0,0,2]} 1. d4 Nf6 2. c4 e6 3. Nc3 Bb4 4. a3 Bxc3+ 5. bxc3 c5 6. e3 Nc6 7. Bd3 b6 8. Ne2 O-O 9. O-O Ba6 10. e4 Ne8 11. f4 f5 12. exf5 {E29: Nimzo-Indian: Sämisch: 5...0-0 6 e3 c5 7 Bd3 Nc6.} exf5 13. dxc5 bxc5 14. Be3 d6 15. Ng3 g6 16. Re1 $1 {[%cal Od3f5][%mdl 4] [#] is now more promising than 16.Bxf5.} Qc7 $146 ({Predecessor:} 16... Nf6 17. Bf2 Qd7 18. Nf1 Na5 19. Bh4 Rae8 20. Rxe8 Qxe8 21. Bxf6 Rxf6 22. Qf3 Re6 {0-1 (53) Carlsen,M (2863)-Nakamura,H (2736) chess24.com INT 2020}) 17. Nf1 Qf7 (17... Nf6 $11) 18. Qa4 (18. Bf2 $1 $14) 18... Bb7 $11 19. Bf2 Nf6 20. Rab1 Rfe8 (20... Nd8 $11) 21. Ne3 $14 Ne4 {[#]} ({Black should play} 21... Re6 $14) 22. Nd5 (22. Ng4 $1 $16 {[%cal Rg4h6][%mdl 512] Hoping for Nh6+.} Kg7 23. Bxe4 fxe4 24. Qd1) 22... Nxf2 $11 23. Kxf2 Rxe1 24. Rxe1 Kg7 25. Qb3 Rb8 {The position is equal.} 26. Qb2 Bc8 27. Qd2 Be6 28. Bf1 Re8 29. Ne3 Rd8 30. Rb1 Qf6 {Weighted Error Value: White=0.16 (very precise) /Black=0.16 (very precise)} 1/2-1/2

[Event "BAN-chT Golden Jubilee 2021-22"]
[Site "Dhaka"]
[Date "2022.03.12"]
[Round "3.19"]
[White "Shyam, Sundar M."]
[Black "Harshad S"]
[Result "1-0"]
[WhiteElo "2528"]
[BlackElo "2328"]
[Annotator "TA"]
[PlyCount "57"]
[EventDate "2022.03.10"]
[EventType "team-tourn"]
[EventCountry "BAN"]
[SourceTitle "playchess.com"]
[Source "ChessBase"]
[SourceQuality "1"]

{[%evp 10,57,29,7,37,40,35,34,47,35,78,62,177,129,170,176,159,165,184,169,218,131,161,169,168,170,396,394,389,366,375,339,322,266,477,389,489,502,456,485,961,963,1108,1101,1086,1048,5610,4605,5602,5585]} 1. e4 c5 2. Nf3 d6 3. d4 cxd4 4. Nxd4 Nf6 5. Nc3 a6 6. Nb3 b5 {B90: Sicilian Najdorf: Unusual White 6th moves, 6 Be3 Ng4 and 6 Be3 e5.} 7. a4 b4 8. Nd5 e6 {White is slightly better.} 9. Nxf6+ {[#]} ({Much weaker is} 9. Nxb4 Nxe4 10. c3 Nd7 $11) 9... gxf6 $146 (9... Qxf6 $14 10. Bd3 Be7) ({Predecessor:} 9... Qxf6 10. Bd3 g6 11. O-O Nc6 12. Be3 Bg7 13. Be2 Qe7 14. Qd2 O-O 15. Rad1 Rd8 {1-0 (118) Gorzkiewicz,L (2462)-Hausdorf,H (2307) ICCF email 2017}) 10. Bd3 a5 ({Black should try} 10... Nd7 $14) 11. Bf4 ({Better is} 11. Qh5 $18) 11... Ba6 (11... Nd7 $16) 12. O-O $18 Nd7 13. Qe2 {White is more active.} Qb6 14. Rfd1 Be7 (14... Qb7 $142 15. Bb5 Bxb5 16. Qxb5 Qxb5 17. axb5 a4) 15. h3 Ne5 16. Bb5+ Bxb5 17. axb5 ({Much less strong is} 17. Qxb5+ $6 Qxb5 18. axb5 Nc4 $16) 17... Nd7 $2 (17... O-O 18. Be3 Qc7) 18. Be3 Nc5 19. Nd4 Rb8 20. Qh5 {[%cal Od4e6] Nxe6! is the strong threat.} Qc7 21. b3 {To avoid a4} Bd8 $2 (21... Ra8 {was necessary.} 22. Qg4 Qb8) 22. Qg4 Kd7 23. Qg7 {[%csl LRf7,LRh8] White is clearly winning.} Re8 24. Qxf7+ Be7 (24... Re7 $142 25. Qxf6 Nxe4) 25. b6 Rxb6 26. Rxa5 Rf8 27. Qxh7 Rbb8 {[#]} 28. Rxc5 $1 Qxc5 {[#]} 29. Nf5 $1 {[%mdl 512] Weighted Error Value: White=0.20 (precise) /Black=0.53} 1-0

[Event "BAN-chT Golden Jubilee 2021-22"]
[Site "Dhaka"]
[Date "2022.03.12"]
[Round "3.20"]
[White "Mihir Lal, Das"]
[Black "Bhuiyan, Golam Mostafa"]
[Result "0-1"]
[WhiteElo "2006"]
[BlackElo "2104"]
[Annotator "TA"]
[PlyCount "77"]
[EventDate "2022.03.10"]
[EventType "team-tourn"]
[EventCountry "BAN"]
[SourceTitle "playchess.com"]
[Source "ChessBase"]
[SourceQuality "1"]

{[%evp 16,77,24,18,41,14,8,-13,0,-2,7,-26,0,-39,-41,-30,-39,-36,-20,-37,-20,-20,0,0,16,20,18,0,0,17,6,0,109,96,113,0,0,-385,-407,-714,-693,-697,-685,-1035,-966,-860,-729,-719,-713,-741,-658,-849,-708,-778,-727,-1197,-1161,-1518,-1057,-29990,-29989,-29991,-29990,-29997]} 1. c4 Nf6 2. Nc3 g6 3. g3 Bg7 4. Bg2 O-O 5. e4 e5 6. Nge2 c5 7. O-O Nc6 8. d3 d6 9. h3 Nd7 {A36: Symmetrical English vs ...g6: 4 Bg2 Bg7.} 10. Nd5 {[#]} Nb6 $146 ({Predecessor:} 10... f5 11. exf5 gxf5 12. Nec3 a6 13. Rb1 Rb8 14. a4 h6 15. Qh5 Nf6 16. Qg6 Ne7 17. Nxe7+ Qxe7 18. Bxh6 {1-0 (34) Castillo Morales,T (1925)-Jumba,G (1598) Batumi 2018}) 11. Nec3 Nd4 {The position is equal.} 12. Be3 f5 13. f4 Be6 14. Kh2 Nxd5 15. exd5 Bd7 16. Qd2 a6 17. Ne2 Re8 18. Rae1 Rb8 19. fxe5 {Hoping for Bg5.} dxe5 20. Nxd4 cxd4 21. Bg5 Qc7 22. b4 b6 $1 {Prevents c5.} 23. a3 f4 (23... Qd6 $11) 24. gxf4 $16 h6 {[#]} 25. d6 $1 Qxd6 $11 26. fxe5 $2 {[%mdl 8192]} Bxe5+ $19 27. Rxe5 (27. Kg1 $142 hxg5 28. Bd5+ Kh7 29. Qxg5) 27... hxg5 ({And not} 27... Qxe5+ 28. Bf4 Qh5 29. Bd5+ Be6 30. Bxb8 (30. Bxe6+ $2 Rxe6 31. Bxb8 Re2+ 32. Rf2 Rxd2 $19) 30... Qxh3+ 31. Kg1 Bxd5 32. cxd5 $15) (27... Rxe5 $2 {[#]} 28. Rf6 $1 Be6 29. Bf4 $18) 28. Bd5+ Kh8 29. Rf8+ Qxf8 30. Qxg5 Rxe5 31. Qxe5+ Kh7 32. Qxd4 Qe7 {Threatens to win with ...Rf8.} 33. Be4 Qe6 34. Qe3 Rf8 35. c5 bxc5 36. bxc5 Bc6 37. Qd4 {To avoid Qe5+} Bxe4 38. dxe4 Rf3 39. Qd7+ {Weighted Error Value: White=1.26/Black=0.40} 0-1